000 00386nam a2200169Ia 4500
008 230711s9999||||xx |||||||||||||| ||und||
020 _a978-81-317-3309-7
041 _aENG
082 _a4
_bGO-C
100 _aGoel,Anita
245 0 _aComputer fundamentals
250 _a3rd Ed.
260 _c2007
_aDelhi
_bPearson
300 _a550
650 _aComputer Engineering
942 _cBK
999 _c5497
_d5497